Gerd Knñper (Record no. 398)

MARC details
000 -CABECERA
campo de control de longitud fija 00771nam a2200193 a 4500
001 - NÚMERO DE CONTROL
campo de control BRCA_463
005 - FECHA Y HORA DE LA ÚLTIMA TRANSACCIÓN
campo de control 20190320203024.0
008 - DATOS DE LONGITUD FIJA--INFORMACIÓN GENERAL
campo de control de longitud fija 020805s1993----ja-a---###---#000-0#spa-d
050 #4 - SIGNATURA TOPOGRÁFICA DE LA BIBLIOTECA DEL CONGRESO
Número de clasificación NK4099
Número de documento/Ítem .G47 1993
245 10 - MENCIÓN DE TÍTULO
Título Gerd Knñper
Resto del título arte en cerámica : exposición de obras recientes.
260 ## - PUBLICACIÓN, DISTRIBUCIÓN, ETC.
Lugar de publicación, distribución, etc. Japón
Nombre del editor, distribuidor, etc. Gerd Knñer Tarosaka Studios
Fecha de publicación, distribución, etc. 1993
300 ## - DESCRIPCIÓN FÍSICA
Extensión 1 v. (sin paginación)
Otras características físicas il. (algunas a color), [34] láms.
Dimensiones 27 cm.
500 ## - NOTA GENERAL
Nota general Incluye un folleto con información del autor
500 ## - NOTA GENERAL
Nota general Catálogo de la exposición realizada en el Museo Franz Mayer, 21 enero - 20 de febrero 1993
504 ## - NOTA DE BIBLIOGRAFÍA, ETC.
Nota de bibliografía, etc. Bibliografía: p. [40]-[41]
600 14 - PUNTO DE ACCESO ADICIONAL DE MATERIA--NOMBRE DE PERSONA
Nombre de persona Knñper, Gerd
Fechas asociadas al nombre 1943-
Subdivisión de forma Exposiciones
9 (RLIN) 1593
650 14 - PUNTO DE ACCESO ADICIONAL DE MATERIA--TÉRMINO DE MATERIA
Término de materia o nombre geográfico como elemento de entrada Cerámica alemana
Subdivisión de forma Exposiciones
Subdivisión cronológica Siglo XX
9 (RLIN) 1594
942 ## - ELEMENTOS DE PUNTO DE ACCESO ADICIONAL (KOHA)
Fuente del sistema de clasificación o colocación Library of Congress Classification
Tipo de ítem Koha Libros
Holdings
Estado de retiro Estado de pérdida Estado dañado No para préstamo Localización permanente Ubicación/localización actual Fecha de adquisición Total de préstamos Signatura topográfica completa Código de barras Fecha visto por última vez Precio válido a partir de Tipo de ítem Koha
El ejemplar forma parte de la colección y puede ser consultado según las políticas vigentes.       Biblioteca del Museo Franz Mayer (Rogerio Casas-Alatriste) Biblioteca del Museo Franz Mayer (Rogerio Casas-Alatriste) 25/06/2008   NK4099 .G47 1993 00763 22/03/2019 22/03/2019 Libros